000 00778nmm a2200241 a 4500
001 ocm000701292
003 TR-IsHL
005 20201028154530.0
008 131209s1988 tu tur
007 cr cn
035 _a701292
_b(N$T)
050 0 4 _aSH334.7
_b.S8 1988
090 0 4 _aSH334.7
_b.S8 1988
245 1 0 _aSu ürünleri seminer, 7 - 8 Nisan 1988
_h[electronic resource]
260 _aİstanbul :
_bİstanbul Ticaret Odası,
_c1988
300 _a192 p.
650 4 _aGenel Çalışmalar
650 4 _aGeneral Works
650 0 _aSu ürünleri
650 0 _aFishery products
650 7 _aTECHNOLOGY & ENGINEERING / Fisheries & Aquaculture
_2bisacsh
856 4 0 _uhttp://search.ebscohost.com/login.aspx?direct=true&scope=site&db=e011xww&AN=701292
999 _c12624
_d12624